01349cam a22003135a 4500001000800000005001700008008004100025010001700066020002800083040003300111082002000144245008700164260005400251300003400305490005200339500011400391504005300505650003900558650004100597650006400638651001000702653002500712700003800737700003400775711009100809942000800900999001700908952011000925108911320171217095500.0920917t1993 dcua frb 101 0 eng d a 92036495  a0841218668 (alk. paper) aDLCbengcDLCdDLCdEG-ScBUE04a662.62bMAG22200aMagnetic resonance of carbonaceous solids /ceditors Robert E. Botto, Yuzo Sanada. aWashington :bAmerican Chemical Society,cc.1993. axiv, 664 p. :bill. ;c24 cm.0 aAdvances in chemistry series,x0065-2393 ;v229 a"Developed from a symposium sponsored by the International Chemical Congress of the Pacific Basin Societies." aIncludes bibliographical references and indexes. 7aCoalxAnalysisxCongresses.2BUEsh 7aCarbonxAnalysisxCongresses.2BUEsh 7aNuclear magnetic resonance spectroscopyxCongresses.2BUEsh 2BUEsh bENGGENcDecember20171 aBotto, Robert E.,d1946-eeditor.1 aSanada, Yuzo,d1932-eeditor.2 aInternational Chemical Congress of Pacific Basin Societiesd(1989 :cHonolulu, Hawaii) 2ddc c25716d25688 00102ddc4070aMAINbMAINc1STd2017-12-16ePurchasel0o662.62 MAGp000042660r2025-07-15 00:00:00yBB